01636cam a2200277 a 450000100060000000300080000600500170001400800410003103500190007204000430009104100080013408200260014224501030016826001010027130000280037250000250040050000530042550000650047850000820054350400510062550505640067665100200124065100360126070000450129670000170134126408BD-RjUL20211209051020.0140322s1978 ii ab b 001 0 eng d a(BD-RjUL)26478 aDKAGEbengcDKAGEdOCLCOdBD-RjULdDLC aeng04a954223bCOM V-9 197802aA Comprehensive history of India /cedited by A.C Banerjee & D. K. GhosenVolume nine :p1712-1772 aNew Delhi :bComprehensive History of India Society :bManohar Publishers & Distributors,c1978. a775p. :bill., c25 cm. aCataloged from v. 9. aVols. 2 & 5 (pt. 1) reprint; v. 5 pt. 2: 2nd ed. aPublished under the auspices of the Indian History Congress. aVols. 2-3, 4 (pt.1), 5, 9, 11- have imprint: New Delhi : People's Pub. House. aIncludes bibliographical references and index.1 aV. 1 (pt.1) Prehistory of India -- v. 2. The Mauryas & Satavahanas, 325 B.C.-A.D. 300 / edited by K.A. Nilakanta Sastri -- v. 3 (2 pts.). A.D. 300-985 / editor, R.C. Majumdar ; joint editor, K.K. Dasgupta -- v. 4 (2 pts.). A.D. 985-1206 / editor, R.S. Sharma ; joint editor, K.M. Shrimali -- v. 5 (2 pts.). The Delhi Sultanat, A.D. 1206-1526 / edited by Mohammad Habib, Khaliq Ahmad Nizami -- v. 9. 1712-1772 / edited by A.C. Banerjee, D.K. Ghose -- v. 11. The consolidation of British rule in India, 1818-1858 / editor, K.K. Datta ; joint editor, V.A. Narain 0aIndiaxHistory. 0aIndiaxPolitics and government.1 aBanerjee A.C q(Madhukar Keshav),d1930-1 a Ghose D. K.